LEADER 01561nam a2200313 i 4500 001 000000106074 003 CaOOAMICUS 005 20070705163940.0 008 070705s2006 be b u000 u fre r 020 $a90-429-1742-3 040 $aPUL$bita$dGP 100 1 $aThomasset, Alain.$0(OLS)http://pul/name/23828 245 12$aL'ecclésiologie de John Henry Newman anglican (1816-1845) /$cpar Alain Y. Thomasset. 260 $aLeuven :$bUniversity Press ;$aLeuven ;$aParis ;$aDudley (MA) :$bUitgeverij Peeters,$cc2006. 300 $axxx, 747 p. ;$c24 cm. 490 1 $aBibliotheca Ephemeridum theologicarum Lovaniensium ;$v197 504 $aBibliografia: 731-737. 600 04$aIohannes Henricus Newman,$cs.,$d1801-1890.$0(OLS)http://pul/subject/4993 830 0$aBibliotheca Ephemeridum theologicarum Lovaniensium ;$v197.$0(OLS)http://pul/title/1445 850 $aPUL 852 $aPUL$W1$xSL Religione 1$y3$m17 A 197$j119108$qStampati$B118997$CPULBib$Z2$F118997 $H104680 $82 941 1 $a8 960 $aNewman, John Henry,$ccard.,$d1801-1890$94993 960 $aIoannes Henricus Newman,$cs.,$d1801-1890$94993 960 $aJohannes Henricus Newman,$cs.,$d1801-1890$94993 996 $6020$a90-429-1742-3$9(OLS)http://pul/number/135174 996 $6245$aL'ecclésiologie de John Henry Newman anglican (1816-1845)$9(OLS)http://pul/title/133594 996 $6260$aLeuven :$bUniversity Press$9(OLS)http://pul/publisher/47947 996 $6260$aLeuven ;$aParis ;$aDudley (MA) :$bUitgeverij Peeters$9(OLS)http://pul/publisher/79034 LEADER 01520nam a2200337 a 4500 001 000000138482 003 CaOOAMICUS 005 20140516114004.0 008 140516s1976 it u000 u ita r 040 $aPUL$bita 041 1 $aita$alat$hlat 100 1 $aMarullus, Michael,$cdetto Tarchaniota,$d1453-1500.$0(OLS)http://pul/name/6234 245 10$aPoesie latine /$cMichele Marullo, Poliziano, Iacopo Sannazzaro ; a cura di Francesco Arnaldi e Lucia Gualdo Rosa. 260 $aTorino :$bEinaudi,$c©1976. 300 $a2 v. ;$c20 cm 490 1 $aClassici Ricciardi ;$v14*-** 500 $aRipr. parziale dell'ed.: Milano ; Napoli : R. Ricciardi, 1964. V. 15, p. VII-LXVI, 939-1209. 504 $aNote bibliografiche. 546 $aTesto latino a fronte. 700 1 $aPoliziano, Angelo,$d1454-1494.$0(OLS)http://pul/name/37959 700 1 $aSannazzaro, Iacopo.$0(OLS)http://pul/name/89271 700 1 $aArnaldi, Francesco,$d1897-1980.$0(OLS)http://pul/name/3684 700 1 $aGualdo Rosa, Lucia.$0(OLS)http://pul/name/38998 830 0$aClassici Ricciardi ;$v14*-**.$0(OLS)http://pul/title/76501 850 $aPUL 852 $aPUL$W1$xDP1 Fondo E. Rossi$y115$m7 E 87.1$j159720$av. 1$qFondi$B159244$CPULBib$Z2$F159244 $82 852 $aPUL$W1$xDP1 Fondo E. Rossi$y115$m7 E 87.2$j159721$av. 2$qFondi$B159245$CPULBib$Z2$F159245 $82 941 1 $a1 996 $6245$aPoesie latine$9(OLS)http://pul/title/71864 996 $6260$aTorino :$bEinaudi$9(OLS)http://pul/publisher/48130